<?xml version="1.0" encoding="UTF-8"?>
<record
    xmlns:xsi="http://www.w3.org/2001/XMLSchema-instance"
    xsi:schemaLocation="http://www.loc.gov/MARC21/slim http://www.loc.gov/standards/marcxml/schema/MARC21slim.xsd"
    xmlns="http://www.loc.gov/MARC21/slim">

  <leader>00477nam a2200181   4500</leader>
  <controlfield tag="003">SEACOMEC</controlfield>
  <controlfield tag="005">20241205125725.0</controlfield>
  <controlfield tag="008">240726b        |||||||| |||| 00| 0 eng d</controlfield>
  <datafield tag="020" ind1=" " ind2=" ">
    <subfield code="a">9789325963474</subfield>
    <subfield code="c">Rs.150.00</subfield>
  </datafield>
  <datafield tag="040" ind1=" " ind2=" ">
    <subfield code="a">SEACOMEC</subfield>
  </datafield>
  <datafield tag="082" ind1=" " ind2=" ">
    <subfield code="a">003.1</subfield>
    <subfield code="b">K14</subfield>
  </datafield>
  <datafield tag="100" ind1=" " ind2=" ">
    <subfield code="a">Kalavathy, S</subfield>
  </datafield>
  <datafield tag="245" ind1="1" ind2=" ">
    <subfield code="a">Operations Research/ </subfield>
    <subfield code="c">S  Kalavathy</subfield>
  </datafield>
  <datafield tag="250" ind1=" " ind2=" ">
    <subfield code="a">2nd ed.</subfield>
  </datafield>
  <datafield tag="260" ind1=" " ind2=" ">
    <subfield code="a">New Delhi</subfield>
    <subfield code="b"> Vikas Publishing House </subfield>
    <subfield code="c"> 2006, 2007</subfield>
  </datafield>
  <datafield tag="650" ind1=" " ind2=" ">
    <subfield code="a"> Operations research</subfield>
  </datafield>
  <datafield tag="942" ind1=" " ind2=" ">
    <subfield code="c">BOOK</subfield>
  </datafield>
  <datafield tag="952" ind1=" " ind2=" ">
    <subfield code="0">0</subfield>
    <subfield code="1">0</subfield>
    <subfield code="2">ddc</subfield>
    <subfield code="4">0</subfield>
    <subfield code="7">0</subfield>
    <subfield code="a">SEACOMEC</subfield>
    <subfield code="b">SEACOMEC</subfield>
    <subfield code="d">2006-06-01</subfield>
    <subfield code="l">0</subfield>
    <subfield code="o">003.1 K14</subfield>
    <subfield code="p">00303</subfield>
    <subfield code="r">2024-12-05 13:04:43</subfield>
    <subfield code="w">2024-12-05</subfield>
    <subfield code="y">REF</subfield>
  </datafield>
  <datafield tag="952" ind1=" " ind2=" ">
    <subfield code="0">0</subfield>
    <subfield code="1">0</subfield>
    <subfield code="2">ddc</subfield>
    <subfield code="4">0</subfield>
    <subfield code="7">0</subfield>
    <subfield code="a">SEACOMEC</subfield>
    <subfield code="b">SEACOMEC</subfield>
    <subfield code="d">2006-06-01</subfield>
    <subfield code="l">0</subfield>
    <subfield code="o">003.1 K14</subfield>
    <subfield code="p">00304</subfield>
    <subfield code="r">2024-12-05 13:04:43</subfield>
    <subfield code="t">1</subfield>
    <subfield code="w">2024-12-05</subfield>
    <subfield code="y">BOOK</subfield>
  </datafield>
  <datafield tag="952" ind1=" " ind2=" ">
    <subfield code="0">0</subfield>
    <subfield code="1">0</subfield>
    <subfield code="2">ddc</subfield>
    <subfield code="4">0</subfield>
    <subfield code="7">0</subfield>
    <subfield code="a">SEACOMEC</subfield>
    <subfield code="b">SEACOMEC</subfield>
    <subfield code="d">2006-06-01</subfield>
    <subfield code="l">0</subfield>
    <subfield code="o">003.1 K14</subfield>
    <subfield code="p">00305</subfield>
    <subfield code="r">2024-12-05 13:04:43</subfield>
    <subfield code="t">2</subfield>
    <subfield code="w">2024-12-05</subfield>
    <subfield code="y">BOOK</subfield>
  </datafield>
  <datafield tag="952" ind1=" " ind2=" ">
    <subfield code="0">0</subfield>
    <subfield code="1">0</subfield>
    <subfield code="2">ddc</subfield>
    <subfield code="4">0</subfield>
    <subfield code="7">0</subfield>
    <subfield code="a">SEACOMEC</subfield>
    <subfield code="b">SEACOMEC</subfield>
    <subfield code="d">2006-06-01</subfield>
    <subfield code="l">0</subfield>
    <subfield code="o">003.1 K14</subfield>
    <subfield code="p">00306</subfield>
    <subfield code="r">2024-12-05 13:04:43</subfield>
    <subfield code="t">3</subfield>
    <subfield code="w">2024-12-05</subfield>
    <subfield code="y">BOOK</subfield>
  </datafield>
  <datafield tag="952" ind1=" " ind2=" ">
    <subfield code="0">0</subfield>
    <subfield code="1">0</subfield>
    <subfield code="2">ddc</subfield>
    <subfield code="4">0</subfield>
    <subfield code="7">0</subfield>
    <subfield code="a">SEACOMEC</subfield>
    <subfield code="b">SEACOMEC</subfield>
    <subfield code="d">2006-06-01</subfield>
    <subfield code="l">0</subfield>
    <subfield code="o">003.1 K14</subfield>
    <subfield code="p">00307</subfield>
    <subfield code="r">2024-12-05 13:04:43</subfield>
    <subfield code="t">4</subfield>
    <subfield code="w">2024-12-05</subfield>
    <subfield code="y">BOOK</subfield>
  </datafield>
  <datafield tag="952" ind1=" " ind2=" ">
    <subfield code="0">0</subfield>
    <subfield code="1">0</subfield>
    <subfield code="2">ddc</subfield>
    <subfield code="4">0</subfield>
    <subfield code="7">0</subfield>
    <subfield code="a">SEACOMEC</subfield>
    <subfield code="b">SEACOMEC</subfield>
    <subfield code="d">2006-06-01</subfield>
    <subfield code="l">0</subfield>
    <subfield code="o">003.1 K14</subfield>
    <subfield code="p">00308</subfield>
    <subfield code="r">2024-12-05 13:04:43</subfield>
    <subfield code="t">5</subfield>
    <subfield code="w">2024-12-05</subfield>
    <subfield code="y">BOOK</subfield>
  </datafield>
  <datafield tag="952" ind1=" " ind2=" ">
    <subfield code="0">0</subfield>
    <subfield code="1">0</subfield>
    <subfield code="2">ddc</subfield>
    <subfield code="4">0</subfield>
    <subfield code="7">0</subfield>
    <subfield code="a">SEACOMEC</subfield>
    <subfield code="b">SEACOMEC</subfield>
    <subfield code="d">2006-06-01</subfield>
    <subfield code="l">0</subfield>
    <subfield code="o">003.1 K14</subfield>
    <subfield code="p">00309</subfield>
    <subfield code="r">2024-12-05 13:04:43</subfield>
    <subfield code="t">6</subfield>
    <subfield code="w">2024-12-05</subfield>
    <subfield code="y">BOOK</subfield>
  </datafield>
  <datafield tag="952" ind1=" " ind2=" ">
    <subfield code="0">0</subfield>
    <subfield code="1">0</subfield>
    <subfield code="2">ddc</subfield>
    <subfield code="4">0</subfield>
    <subfield code="7">0</subfield>
    <subfield code="a">SEACOMEC</subfield>
    <subfield code="b">SEACOMEC</subfield>
    <subfield code="d">2006-06-01</subfield>
    <subfield code="l">0</subfield>
    <subfield code="o">003.1 K14</subfield>
    <subfield code="p">00310</subfield>
    <subfield code="r">2024-12-05 13:04:43</subfield>
    <subfield code="t">7</subfield>
    <subfield code="w">2024-12-05</subfield>
    <subfield code="y">BOOK</subfield>
  </datafield>
  <datafield tag="952" ind1=" " ind2=" ">
    <subfield code="0">0</subfield>
    <subfield code="1">0</subfield>
    <subfield code="2">ddc</subfield>
    <subfield code="4">0</subfield>
    <subfield code="7">0</subfield>
    <subfield code="a">SEACOMEC</subfield>
    <subfield code="b">SEACOMEC</subfield>
    <subfield code="d">2006-06-01</subfield>
    <subfield code="l">0</subfield>
    <subfield code="o">003.1 K14</subfield>
    <subfield code="p">00311</subfield>
    <subfield code="r">2024-12-05 13:04:43</subfield>
    <subfield code="t">8</subfield>
    <subfield code="w">2024-12-05</subfield>
    <subfield code="y">BOOK</subfield>
  </datafield>
  <datafield tag="952" ind1=" " ind2=" ">
    <subfield code="0">0</subfield>
    <subfield code="1">0</subfield>
    <subfield code="2">ddc</subfield>
    <subfield code="4">0</subfield>
    <subfield code="7">0</subfield>
    <subfield code="a">SEACOMEC</subfield>
    <subfield code="b">SEACOMEC</subfield>
    <subfield code="d">2006-06-01</subfield>
    <subfield code="l">0</subfield>
    <subfield code="o">003.1 K14</subfield>
    <subfield code="p">00312</subfield>
    <subfield code="r">2024-12-05 13:04:43</subfield>
    <subfield code="t">9</subfield>
    <subfield code="w">2024-12-05</subfield>
    <subfield code="y">BOOK</subfield>
  </datafield>
  <datafield tag="952" ind1=" " ind2=" ">
    <subfield code="0">0</subfield>
    <subfield code="1">0</subfield>
    <subfield code="2">ddc</subfield>
    <subfield code="4">0</subfield>
    <subfield code="7">0</subfield>
    <subfield code="a">SEACOMEC</subfield>
    <subfield code="b">SEACOMEC</subfield>
    <subfield code="d">2007-02-14</subfield>
    <subfield code="l">0</subfield>
    <subfield code="o">003.1 K14</subfield>
    <subfield code="p">5972</subfield>
    <subfield code="r">2024-12-05 13:05:59</subfield>
    <subfield code="t">10</subfield>
    <subfield code="w">2024-12-05</subfield>
    <subfield code="y">BOOK</subfield>
  </datafield>
  <datafield tag="952" ind1=" " ind2=" ">
    <subfield code="0">0</subfield>
    <subfield code="1">0</subfield>
    <subfield code="2">ddc</subfield>
    <subfield code="4">0</subfield>
    <subfield code="7">0</subfield>
    <subfield code="a">SEACOMEC</subfield>
    <subfield code="b">SEACOMEC</subfield>
    <subfield code="d">2007-02-14</subfield>
    <subfield code="l">0</subfield>
    <subfield code="o">003.1 K14</subfield>
    <subfield code="p">5973</subfield>
    <subfield code="r">2024-12-05 13:05:59</subfield>
    <subfield code="t">11</subfield>
    <subfield code="w">2024-12-05</subfield>
    <subfield code="y">BOOK</subfield>
  </datafield>
  <datafield tag="952" ind1=" " ind2=" ">
    <subfield code="0">0</subfield>
    <subfield code="1">0</subfield>
    <subfield code="2">ddc</subfield>
    <subfield code="4">0</subfield>
    <subfield code="7">0</subfield>
    <subfield code="a">SEACOMEC</subfield>
    <subfield code="b">SEACOMEC</subfield>
    <subfield code="d">2007-02-14</subfield>
    <subfield code="l">0</subfield>
    <subfield code="o">003.1 K14</subfield>
    <subfield code="p">5974</subfield>
    <subfield code="r">2024-12-05 13:05:59</subfield>
    <subfield code="t">12</subfield>
    <subfield code="w">2024-12-05</subfield>
    <subfield code="y">BOOK</subfield>
  </datafield>
  <datafield tag="952" ind1=" " ind2=" ">
    <subfield code="0">0</subfield>
    <subfield code="1">0</subfield>
    <subfield code="2">ddc</subfield>
    <subfield code="4">0</subfield>
    <subfield code="7">0</subfield>
    <subfield code="a">SEACOMEC</subfield>
    <subfield code="b">SEACOMEC</subfield>
    <subfield code="d">2007-02-14</subfield>
    <subfield code="l">0</subfield>
    <subfield code="o">003.1 K14</subfield>
    <subfield code="p">5975</subfield>
    <subfield code="r">2024-12-05 13:05:59</subfield>
    <subfield code="t">13</subfield>
    <subfield code="w">2024-12-05</subfield>
    <subfield code="y">BOOK</subfield>
  </datafield>
  <datafield tag="952" ind1=" " ind2=" ">
    <subfield code="0">0</subfield>
    <subfield code="1">0</subfield>
    <subfield code="2">ddc</subfield>
    <subfield code="4">0</subfield>
    <subfield code="7">0</subfield>
    <subfield code="a">SEACOMEC</subfield>
    <subfield code="b">SEACOMEC</subfield>
    <subfield code="d">2007-02-14</subfield>
    <subfield code="l">0</subfield>
    <subfield code="o">003.1 K14</subfield>
    <subfield code="p">5976</subfield>
    <subfield code="r">2024-12-05 13:05:59</subfield>
    <subfield code="t">14</subfield>
    <subfield code="w">2024-12-05</subfield>
    <subfield code="y">BOOK</subfield>
  </datafield>
  <datafield tag="952" ind1=" " ind2=" ">
    <subfield code="0">0</subfield>
    <subfield code="1">0</subfield>
    <subfield code="2">ddc</subfield>
    <subfield code="4">0</subfield>
    <subfield code="7">0</subfield>
    <subfield code="a">SEACOMEC</subfield>
    <subfield code="b">SEACOMEC</subfield>
    <subfield code="d">2007-02-14</subfield>
    <subfield code="l">0</subfield>
    <subfield code="o">003.1 K14</subfield>
    <subfield code="p">5977</subfield>
    <subfield code="r">2024-12-05 13:05:59</subfield>
    <subfield code="t">15</subfield>
    <subfield code="w">2024-12-05</subfield>
    <subfield code="y">BOOK</subfield>
  </datafield>
  <datafield tag="952" ind1=" " ind2=" ">
    <subfield code="0">0</subfield>
    <subfield code="1">0</subfield>
    <subfield code="2">ddc</subfield>
    <subfield code="4">0</subfield>
    <subfield code="7">0</subfield>
    <subfield code="a">SEACOMEC</subfield>
    <subfield code="b">SEACOMEC</subfield>
    <subfield code="d">2007-02-14</subfield>
    <subfield code="l">0</subfield>
    <subfield code="o">003.1 K14</subfield>
    <subfield code="p">5978</subfield>
    <subfield code="r">2024-12-05 13:05:59</subfield>
    <subfield code="t">16</subfield>
    <subfield code="w">2024-12-05</subfield>
    <subfield code="y">BOOK</subfield>
  </datafield>
  <datafield tag="952" ind1=" " ind2=" ">
    <subfield code="0">0</subfield>
    <subfield code="1">0</subfield>
    <subfield code="2">ddc</subfield>
    <subfield code="4">0</subfield>
    <subfield code="7">0</subfield>
    <subfield code="a">SEACOMEC</subfield>
    <subfield code="b">SEACOMEC</subfield>
    <subfield code="d">2007-02-14</subfield>
    <subfield code="l">0</subfield>
    <subfield code="o">003.1 K14</subfield>
    <subfield code="p">5979</subfield>
    <subfield code="r">2024-12-05 13:05:59</subfield>
    <subfield code="t">17</subfield>
    <subfield code="w">2024-12-05</subfield>
    <subfield code="y">BOOK</subfield>
  </datafield>
  <datafield tag="952" ind1=" " ind2=" ">
    <subfield code="0">0</subfield>
    <subfield code="1">0</subfield>
    <subfield code="2">ddc</subfield>
    <subfield code="4">0</subfield>
    <subfield code="7">0</subfield>
    <subfield code="a">SEACOMEC</subfield>
    <subfield code="b">SEACOMEC</subfield>
    <subfield code="d">2007-02-14</subfield>
    <subfield code="l">0</subfield>
    <subfield code="o">003.1 K14</subfield>
    <subfield code="p">5980</subfield>
    <subfield code="r">2024-12-05 13:05:59</subfield>
    <subfield code="t">18</subfield>
    <subfield code="w">2024-12-05</subfield>
    <subfield code="y">BOOK</subfield>
  </datafield>
  <datafield tag="952" ind1=" " ind2=" ">
    <subfield code="0">0</subfield>
    <subfield code="1">0</subfield>
    <subfield code="2">ddc</subfield>
    <subfield code="4">0</subfield>
    <subfield code="7">0</subfield>
    <subfield code="a">SEACOMEC</subfield>
    <subfield code="b">SEACOMEC</subfield>
    <subfield code="d">2007-02-14</subfield>
    <subfield code="l">0</subfield>
    <subfield code="o">003.1 K14</subfield>
    <subfield code="p">5981</subfield>
    <subfield code="r">2024-12-05 13:05:59</subfield>
    <subfield code="t">19</subfield>
    <subfield code="w">2024-12-05</subfield>
    <subfield code="y">BOOK</subfield>
  </datafield>
  <datafield tag="952" ind1=" " ind2=" ">
    <subfield code="0">0</subfield>
    <subfield code="1">0</subfield>
    <subfield code="2">ddc</subfield>
    <subfield code="4">0</subfield>
    <subfield code="7">0</subfield>
    <subfield code="a">SEACOMEC</subfield>
    <subfield code="b">SEACOMEC</subfield>
    <subfield code="d">2008-01-17</subfield>
    <subfield code="l">0</subfield>
    <subfield code="o">003.1 K14</subfield>
    <subfield code="p">8969</subfield>
    <subfield code="r">2024-12-05 13:06:48</subfield>
    <subfield code="t">20</subfield>
    <subfield code="w">2024-12-05</subfield>
    <subfield code="y">BOOK</subfield>
  </datafield>
  <datafield tag="952" ind1=" " ind2=" ">
    <subfield code="0">0</subfield>
    <subfield code="1">0</subfield>
    <subfield code="2">ddc</subfield>
    <subfield code="4">0</subfield>
    <subfield code="7">0</subfield>
    <subfield code="a">SEACOMEC</subfield>
    <subfield code="b">SEACOMEC</subfield>
    <subfield code="d">2008-01-17</subfield>
    <subfield code="l">0</subfield>
    <subfield code="o">003.1 K14</subfield>
    <subfield code="p">8970</subfield>
    <subfield code="r">2024-12-05 13:06:48</subfield>
    <subfield code="t">21</subfield>
    <subfield code="w">2024-12-05</subfield>
    <subfield code="y">BOOK</subfield>
  </datafield>
  <datafield tag="952" ind1=" " ind2=" ">
    <subfield code="0">0</subfield>
    <subfield code="1">0</subfield>
    <subfield code="2">ddc</subfield>
    <subfield code="4">0</subfield>
    <subfield code="7">0</subfield>
    <subfield code="a">SEACOMEC</subfield>
    <subfield code="b">SEACOMEC</subfield>
    <subfield code="d">2008-01-17</subfield>
    <subfield code="l">0</subfield>
    <subfield code="o">003.1 K14</subfield>
    <subfield code="p">8971</subfield>
    <subfield code="r">2024-12-05 13:06:48</subfield>
    <subfield code="t">22</subfield>
    <subfield code="w">2024-12-05</subfield>
    <subfield code="y">BOOK</subfield>
  </datafield>
  <datafield tag="952" ind1=" " ind2=" ">
    <subfield code="0">0</subfield>
    <subfield code="1">0</subfield>
    <subfield code="2">ddc</subfield>
    <subfield code="4">0</subfield>
    <subfield code="7">0</subfield>
    <subfield code="a">SEACOMEC</subfield>
    <subfield code="b">SEACOMEC</subfield>
    <subfield code="d">2008-01-17</subfield>
    <subfield code="l">0</subfield>
    <subfield code="o">003.1 K14</subfield>
    <subfield code="p">8972</subfield>
    <subfield code="r">2024-12-05 13:06:48</subfield>
    <subfield code="t">23</subfield>
    <subfield code="w">2024-12-05</subfield>
    <subfield code="y">BOOK</subfield>
  </datafield>
  <datafield tag="952" ind1=" " ind2=" ">
    <subfield code="0">0</subfield>
    <subfield code="1">0</subfield>
    <subfield code="2">ddc</subfield>
    <subfield code="4">0</subfield>
    <subfield code="7">0</subfield>
    <subfield code="a">SEACOMEC</subfield>
    <subfield code="b">SEACOMEC</subfield>
    <subfield code="d">2008-01-17</subfield>
    <subfield code="l">0</subfield>
    <subfield code="o">003.1 K14</subfield>
    <subfield code="p">8973</subfield>
    <subfield code="r">2024-12-05 13:06:48</subfield>
    <subfield code="t">24</subfield>
    <subfield code="w">2024-12-05</subfield>
    <subfield code="y">BOOK</subfield>
  </datafield>
  <datafield tag="952" ind1=" " ind2=" ">
    <subfield code="0">0</subfield>
    <subfield code="1">0</subfield>
    <subfield code="2">ddc</subfield>
    <subfield code="4">0</subfield>
    <subfield code="7">0</subfield>
    <subfield code="a">SEACOMEC</subfield>
    <subfield code="b">SEACOMEC</subfield>
    <subfield code="d">2008-04-18</subfield>
    <subfield code="l">0</subfield>
    <subfield code="o">003.1 K14</subfield>
    <subfield code="p">10959</subfield>
    <subfield code="r">2024-12-13 13:55:13</subfield>
    <subfield code="t">25</subfield>
    <subfield code="w">2024-12-13</subfield>
    <subfield code="y">BOOK</subfield>
  </datafield>
  <datafield tag="952" ind1=" " ind2=" ">
    <subfield code="0">0</subfield>
    <subfield code="1">0</subfield>
    <subfield code="2">ddc</subfield>
    <subfield code="4">0</subfield>
    <subfield code="7">0</subfield>
    <subfield code="a">SEACOMEC</subfield>
    <subfield code="b">SEACOMEC</subfield>
    <subfield code="d">2008-04-18</subfield>
    <subfield code="l">0</subfield>
    <subfield code="o">003.1 K14</subfield>
    <subfield code="p">10960</subfield>
    <subfield code="r">2024-12-13 13:55:13</subfield>
    <subfield code="t">26</subfield>
    <subfield code="w">2024-12-13</subfield>
    <subfield code="y">BOOK</subfield>
  </datafield>
  <datafield tag="952" ind1=" " ind2=" ">
    <subfield code="0">0</subfield>
    <subfield code="1">0</subfield>
    <subfield code="2">ddc</subfield>
    <subfield code="4">0</subfield>
    <subfield code="7">0</subfield>
    <subfield code="a">SEACOMEC</subfield>
    <subfield code="b">SEACOMEC</subfield>
    <subfield code="d">2008-04-18</subfield>
    <subfield code="l">0</subfield>
    <subfield code="o">003.1 K14</subfield>
    <subfield code="p">10961</subfield>
    <subfield code="r">2024-12-13 13:55:13</subfield>
    <subfield code="t">27</subfield>
    <subfield code="w">2024-12-13</subfield>
    <subfield code="y">BOOK</subfield>
  </datafield>
  <datafield tag="952" ind1=" " ind2=" ">
    <subfield code="0">0</subfield>
    <subfield code="1">0</subfield>
    <subfield code="2">ddc</subfield>
    <subfield code="4">0</subfield>
    <subfield code="7">0</subfield>
    <subfield code="a">SEACOMEC</subfield>
    <subfield code="b">SEACOMEC</subfield>
    <subfield code="d">2008-04-18</subfield>
    <subfield code="l">0</subfield>
    <subfield code="o">003.1 K14</subfield>
    <subfield code="p">10962</subfield>
    <subfield code="r">2024-12-13 13:55:13</subfield>
    <subfield code="t">28</subfield>
    <subfield code="w">2024-12-13</subfield>
    <subfield code="y">BOOK</subfield>
  </datafield>
  <datafield tag="952" ind1=" " ind2=" ">
    <subfield code="0">0</subfield>
    <subfield code="1">0</subfield>
    <subfield code="2">ddc</subfield>
    <subfield code="4">0</subfield>
    <subfield code="7">0</subfield>
    <subfield code="a">SEACOMEC</subfield>
    <subfield code="b">SEACOMEC</subfield>
    <subfield code="d">2008-04-18</subfield>
    <subfield code="l">0</subfield>
    <subfield code="o">003.1 K14</subfield>
    <subfield code="p">10963</subfield>
    <subfield code="r">2024-12-13 13:55:13</subfield>
    <subfield code="t">29</subfield>
    <subfield code="w">2024-12-13</subfield>
    <subfield code="y">BOOK</subfield>
  </datafield>
  <datafield tag="952" ind1=" " ind2=" ">
    <subfield code="0">0</subfield>
    <subfield code="1">0</subfield>
    <subfield code="2">ddc</subfield>
    <subfield code="4">0</subfield>
    <subfield code="7">0</subfield>
    <subfield code="a">SEACOMEC</subfield>
    <subfield code="b">SEACOMEC</subfield>
    <subfield code="d">2008-04-18</subfield>
    <subfield code="l">0</subfield>
    <subfield code="o">003.1 K14</subfield>
    <subfield code="p">10964</subfield>
    <subfield code="r">2024-12-13 13:55:13</subfield>
    <subfield code="t">30</subfield>
    <subfield code="w">2024-12-13</subfield>
    <subfield code="y">BOOK</subfield>
  </datafield>
  <datafield tag="999" ind1=" " ind2=" ">
    <subfield code="c">1492</subfield>
    <subfield code="d">1492</subfield>
  </datafield>
</record>
